000 01051nam a22002657a 4500
003 DO-SdBNP
005 20220721103629.0
007 ta
008 110301s2013 dr ac 000 0 spa d
040 _aDO-SdBNP
_bspa
_cBNPHU
082 4 _axxxx
_bC335m
100 1 _aCasares García, Raquel
_953018
245 1 0 _aMujeres y niñas en contexto de desastres :
_btres estudios de caso sobre vulnerabilidad y capacidades en la República Dominicana /
_cRaquel Casares García ; prólogo Sharon Goulds, Rosa Cañete Alonso ; equipo de investigación Magaly González, Rosmery de la Cruz Suazo
260 _a[Santo Domingo] :
_bOXFAM,
_c2013.
300 _a59 p. :
_bil., retr.
_c28 cm.
500 _aIncluye notas a pie de paginas.
504 _aBibliografía p: 54-55
590 _aInventariado, 2022/ YL
700 1 2 _aGoulds, Sharon
_eprol.
_982063
700 1 2 _aCañete Alonso, Rosa
_eprol.
_9185
700 1 2 _aGonzález, Magaly
_eeq. inv.
_982064
700 1 2 _aCruz Suazo, Rosmery de la
_eeq. inv.
_982065
910 _aYLockward
942 _2ddc
_cLBS1
999 _c52210
_d52210